Zmeny v zákone o dani z motorových vozidiel od 1. 1. 2025

Zmeny v definícii základu dane. Ročná sadzba dane. Zníženie a zvýšenie ročnej sadzby dane. Prechodné ustanovenia k úpravám účinným od 1. 1. 2025.

Na minha lista:
Detalhes bibliográficos
Autor principal: Uríková, Zuzana
Formato: Capítulo de Livro
Idioma:eslovaco
Assuntos:
Tags: Adicionar Tag
Sem tags, seja o primeiro a adicionar uma tag!

MARC

LEADER 00000naa a2200000 4500
001 0306792
005 20250204155557.1
041 0 |a slo 
044 |a SK 
245 1 0 |a Zmeny v zákone o dani z motorových vozidiel od 1. 1. 2025  |c Zuzana Uríková 
520 |a Zmeny v definícii základu dane. Ročná sadzba dane. Zníženie a zvýšenie ročnej sadzby dane. Prechodné ustanovenia k úpravám účinným od 1. 1. 2025. 
610 2 0 |a účtovníctvo daňové 
610 2 0 |a dane z vozidiel motorových 
610 2 0 |a základ dane 
610 2 0 |a sadzby daňové 
610 2 0 |a smernice 
610 2 0 |a zákony 
610 2 0 |a novelizácia 
100 1 |a Uríková, Zuzana